000 00548nam a22001937a 4500
003 OSt
005 20140508140533.0
008 140508b xxu||||| |||| 00| 0 eng d
020 _a9789718740873
022 _a9789718740873
050 _aQA 135.6
_b.Al385 2008
100 _aAlfarez, Merle S.
245 _aMental math tricks :
_bMultiplication techniques /
_cMerle S. Alfarez.
260 _aQuezon City :
_bMSA Publishing House,
_c2008.
300 _a152 p. :
_bill. ;
_c23 cm.
650 _aMathematics.
942 _2lcc
_cBK
999 _c115867
_d115867